| 000 | 00523nam a2200193Ia 4500 | ||
|---|---|---|---|
| 005 | 20250423100448.0 | ||
| 008 | 250422s9999 xx 000 0 und d | ||
| 020 | _a9789352705474 | ||
| 050 | _aRB 111 .M64/ | ||
| 100 | _aMohan, Harsh | ||
| 245 | 0 | _aPathology quick review based on Harsh Mohan’s textbook of pathology eight edition | |
| 250 | _a5th ed. | ||
| 260 | _aNew Delhi | ||
| 260 | _bJAYPEE BROTHERS Medical Publishers (P) Ltd. | ||
| 260 | _c2019 | ||
| 300 | _a598 p | ||
| 650 | _aPathology | ||
| 942 | _cBK | ||
| 999 |
_c33378 _d33378 |
||